[Event "34th Chess Olympiad (men)"]
[Site "Istanbul"]
[Date "2000.11.02"]
[Round "6.19.2"]
[White "Haznedaroglu, Kivanc"]
[Black "Giorgadze, Giorgi"]
[WhiteElo "2249"]
[BlackElo "2599"]
[WhiteCountry "TURB"]
[BlackCountry "GEO"]
[Result "0-1"]

1. e4 e5 2. Nf3 Nc6 3. Bb5 a6 4. Ba4 Nf6 5. O-O Be7 6. Re1 b5 7. Bb3 O-O 
8. c3 d6 9. h3 Nb8 10. d4 Nbd7 11. Nbd2 Bb7 12. Bc2 Re8 13. Nf1 Bf8 14. Ng3 g6 
15. a4 c5 16. d5 c4 17. Bg5 h6 18. Be3 Nc5 19. Qd2 h5 20. Ra3 Nfd7 21. Rea1 Rb8 
22. axb5 axb5 23. Ra5 Bc8 24. Ra7 Rb7 25. Qe2 Nb6 26. Rxb7 Bxb7 27. Nd2 Bc8 
28. b3 cxb3 29. Nxb3 Bd7 30. Nd2 Nba4 31. c4 b4 32. Bxa4 Nxa4 33. Nb3 Qc7 
34. Nf1 Nc3 35. Qd3 Ba4 36. Nfd2 Ra8 37. Nb1 Qb7 38. N3d2 Bc2 39. Qxc2 Ra5 
40. Qb2 Qa6 41. Qb2 Ra1 
0-1

[Event "34th Chess Olympiad (men)"]
[Site "Istanbul"]
[Date "2000.11.02"]
[Round "6.19.4"]
[White "Sayber, Zeki"]
[Black "Kacheishvili, Giorgi"]
[WhiteElo "2204"]
[BlackElo "2564"]
[WhiteCountry "TURB"]
[BlackCountry "GEO"]
[Result "0-1"]

1. e4 e6 2. d4 d5 3. Nc3 Nf6 4. Bd3 c5 5. exd5 exd5 6. dxc5 Bxc5 7. Nf3 O-O 
8. O-O h6 9. h3 Nc6 10. Bf4 Be6 11. a3 Nh5 12. Bh2 Qf6 13. Na4 Be7 14. b4 Nf4 
15. Nc5 a5 16. Nxe6 fxe6 17. b5 Nd8 18. Bxf4 Qxf4 19. Qe2 Bf6 20. g3 Qd6 
21. Rad1 Bc3 22. Nh4 Rf6 23. Bh7+ Kh8 24. Qd3 Qxa3 25. Bg6 Qc5 26. Qe2 a4 
27. g4 a3 28. g5 Rf4 29. Qh5 Qe7 30. Bd3 Qxg5+ 31. Qxg5 hxg5 32. Ng6+ Kg8 
33. Nxf4 gxf4 34. Ra1 a2 35. Kg2 Kf7 36. Kf3 e5 37. Bf5 Kf6 38. Bd7 Nf7 
39. h4 Ra3 40. Kg2 e4 
0-1

[Event "34th Chess Olympiad (men)"]
[Site "Istanbul"]
[Date "2000.11.02"]
[Round "6.20.2"]
[White "Pavasovic, Dusko"]
[Black "Nguyen, Anh"]
[WhiteElo "2523"]
[BlackElo "2487"]
[WhiteCountry "SLO"]
[BlackCountry "VIE"]
[Result "1-0"]

1. e4 c5 2. c3 Nf6 3. e5 Nd5 4. Nf3 Nc6 5. Bc4 Nb6 6. Bb3 d5 7. exd6ep Qxd6 
8. O-O Bf5 9. d4 cxd4 10. Nxd4 Nxd4 11. cxd4 e6 12. Nc3 Be7 13. Qf3 O-O 
14. d5 Rad8 15. Re1 Qb4 16. dxe6 Bxe6 17. Qxb7 Rd7 18. Qe4 Bxb3 19. Qxb4 Bxb4 
20. axb3 h6 21. Be3 Rb8 22. Red1 a5 23. g3 Rdb7 24. Ne4 Nd7 25. Nd6 Bxd6 
26. Rxd6 Nf6 27. Rxa5 Rxb3 28. Bd4 Ne4 29. Rd7 Ng5 30. Kg2 Rd3 31. Raa7 Rc8 
32. Be5 Rxd7 33. Rxd7 Rc2 34. b4 Re2 35. Bd4 Rd2 36. Rd6 Kh7 37. Be5 Re2 
38. Rd5 f6 39. Bf4 Rb2 40. Rb5 Ne4 41. Be3 Nd6 42. Rb8 Kg6 43. Bd4 Rb3 
44. Bc5 Ne4 45. Be3 Nc3 46. Bd4 Kf5 47. Rb7 Kg6 48. Bc5 Ne4 49. Bf8 Rb2 
50. Rxg7+ Kf5 51. Bc5 Nxc5 52. bxc5 Rc2 53. Rh7 Kg6 54. Rc7 h5 55. Kf3 Kf5 
56. Rc8 Rc3+ 57. Kg2 h4 58. gxh4 Rc4 59. c6 Rxh4 60. c7 Rh7 61. Kf3 Rh3+ 
62. Ke2 Rh7 63. Ke3 Re7+ 64. Kd4 Ke6 65. Kc5 Kd7 66. Ra8 
1-0

[Event "34th Chess Olympiad (men)"]
[Site "Istanbul"]
[Date "2000.11.02"]
[Round "6.20.4"]
[White "Grosar, Aljosa"]
[Black "Tu Hoang, Thai"]
[WhiteElo "2447"]
[BlackElo "2335"]
[WhiteCountry "SLO"]
[BlackCountry "VIE"]
[Result "1/2-1/2"]

1. e4 c5 2. Nf3 a6 3. c3 d5 4. exd5 Qxd5 5. d4 e6 6. Be2 Nf6 7. O-O cxd4 
8. cxd4 Nc6 9. Nc3 Qd8 10. Be3 Bd6 11. a3 O-O 12. Rc1 Bd7 13. d5 exd5 
14. Nxd5 Nxd5 15. Qxd5 Be6 16. Qh5 g6 17. Qh6 f6 18. Rfd1 Qe7 19. h4 Rad8 
20. Bd3 Bg4 21. Bb6 Rc8 22. Re1 Qg7 23. Bc4+ Kh8 24. Qxg7+ Kxg7 25. Be6 Bxe6 
26. Rxe6 Nd4 27. Rxc8 Nxe6 28. Rc2 Kf7 29. Kf1 Bc7 30. Rxc7+ Nxc7 31. Bxc7 Re8 
32. Bb6 h6 33. Be3 g5 34. hxg5 hxg5 35. Ke2 Ke6 36. Kd3 Kd5 37. Nd4 Rd8 
38. Ne2 Ke5+ 39. Bd4+ Ke6 40. a4 f5 41. Nc3 Rc8 42. g3 Rc7 43. Be3 g4 
44. Ne2 Kd5 45. Bd4 Rc8 46. Nf4+ Kd6 47. Bc3 Re8 48. Ne2 Kd5 49. Bd2 Re7 
50. Nd4 Rd7 51. Be3 Rf7 52. b4 Rf8 53. Bf4 Rf7 54. Ne2 Rf8 55. Nc3+ Ke6 
56. a5 Rd8+ 57. Kc4 Rc8+ 58. Kb3 Rf8 59. b5 Rd8 60. Kc4 Rc8+ 61. Kb4 axb5 
62. Nxb5 Kd5 63. Nd6 Rc2 64. Nxf5 Rxf2 65. Ne3+ Kd4 66. Nxg4 Rb2+ 67. Ka3 Rb1 
68. Ka2 Rb5 69. Bc7 Kc3 70. Nf6 Rb2+ 71. Ka3 Rb3+ 72. Ka2 Rb2+ 73. Ka3 Rb3+ 
1/2-1/2

[Event "34th Chess Olympiad (men)"]
[Site "Istanbul"]
[Date "2000.11.02"]
[Round "6.21.3"]
[White "Hauchard, Arnaud"]
[Black "Russek, Guil"]
[WhiteElo "2539"]
[BlackElo "2400"]
[WhiteCountry "FRA"]
[BlackCountry "MEX"]
[Result "1/2-1/2"]

1. d4 e6 2. c4 d5 3. Nc3 c5 4. cxd5 exd5 5. Nf3 Nc6 6. g3 Nf6 7. Bg2 Be7 
8. O-O O-O 9. Bg5 cxd4 10. Nxd4 h6 11. Be3 Bg4 12. h3 Be6 13. Qc2 Qd7 
14. Nxe6 Qxe6 15. Rad1 Rfd8 16. Nb5 Rac8 17. Qb1 a6 18. Nd4 Nxd4 19. Bxd4 Ne4 
20. Rd3 Rc4 21. Rfd1 Rdc8 22. h4 f5 23. Be3 Rc2 24. Rc1 Rxc1+ 25. Bxc1 Bc5 
26. Be3 Bxe3 27. Rxe3 Qb6 28. Qd1 Rc5 29. Rb3 Qc6 30. Qd4 b5 31. Rd3 a5 
32. Bf3 Qf6 33. b4 Qxd4 34. Rxd4 axb4 35. Rxb4 Kf7 36. Kg2 g5 37. hxg5 hxg5 
38. g4 Kf6 39. gxf5 Kxf5 40. Bxe4+ dxe4 41. Kg3 Re5 42. e3 Rc5 43. Rb2 Rd5 
44. Rc2 b4 45. Rb2 Ra5 46. Rxb4 Rxa2 47. Rb5+ Kf6 48. Rb6+ Kf5 49. Rb8 Ra1 
1/2-1/2

[Event "34th Chess Olympiad (men)"]
[Site "Istanbul"]
[Date "2000.11.02"]
[Round "6.21.4"]
[White "Villarreal, Jose"]
[Black "Fressinet, Laurent"]
[WhiteElo "2365"]
[BlackElo "2536"]
[WhiteCountry "MEX"]
[BlackCountry "FRA"]
[Result "1/2-1/2"]

1. e4 c5 2. Nc3 a6 3. f4 b5 4. d3 Bb7 5. Nf3 e6 6. Qe2 d6 7. g3 Nf6 8. Bg2 Be7 
9. O-O Nc6 10. h3 b4 11. Nd1 d5 12. e5 Nd7 13. f5 Qc7 14. Bf4 Qb6 15. Kh2 a5 
16. Nf2 Nd8 17. fxe6 Nxe6 18. Bd2 O-O 19. Ng4 Rae8 20. Rae1 Kh8 21. Qd1 f5 
22. exf6ep Nxf6 23. Nfe5 Qd6 24. c3 Nxg4+ 25. Qxg4 Bf6 26. Qh5 Kg8 27. Ng4 Bd8 
1/2-1/2

[Event "34th Chess Olympiad (men)"]
[Site "Istanbul"]
[Date "2000.11.02"]
[Round "6.22.1"]
[White "Campora, Daniel H"]
[Black "Marin, Mihail"]
[WhiteElo "2526"]
[BlackElo "2557"]
[WhiteCountry "ARG"]
[BlackCountry "ROM"]
[Result "0-1"]

1. e4 d6 2. d4 Nf6 3. Nc3 g6 4. Nf3 Bg7 5. Be2 O-O 6. O-O c6 7. h3 Nbd7 
8. e5 Ne8 9. Re1 dxe5 10. dxe5 Nc7 11. Bf4 Ne6 12. Bg3 Qc7 13. Bc4 Nb6 
14. Bf1 Rd8 15. Qc1 c5 16. a4 Nd5 17. Nxd5 Rxd5 18. Bc4 Rd8 19. h4 h6 
20. Ra3 Bd7 21. h5 g5 22. Nh2 Qc6 23. f4 gxf4 24. Bxf4 Nxf4 25. Qxf4 Be6 
26. Rg3 Kh8 27. Nf3 Qxa4 28. Rxg7 Kxg7 29. Qg3+ Kh8 30. Bxe6 Rg8 31. Qf2 fxe6 
32. Qe3 Rg7 33. Qxh6+ Rh7 34. Qxe6 Rg8 35. b3 Qf4 36. Qh3 Rg4 37. Nh2 Qd4+ 
38. Kh1 Rh4 39. Qf5 Qf4 40. Qxf4 Rxf4 41. g4 Rf2 42. e6 Rh6 43. Kg1 Rhf6 
44. g5 R6f5 45. Re3 Rxc2 46. Rg3 c4 47. bxc4 Ra5 48. h6 Ra1+ 49. Nf1 Rxc4 
50. g6 Rh4 51. g7+ Kg8 52. Rg6 Ra3 53. Nh2 Rah3 54. Ng4 Rxg4+ 55. Rxg4 Rxh6 
56. Rc4 Rxe6 57. Rc7 Rb6 58. Rxe7 Rg6+ 59. Kf2 Rxg7 60. Re8+ Kf7 61. Ra8 a6 
62. Ke3 Rg8 63. Kd4 
0-1

[Event "34th Chess Olympiad (men)"]
[Site "Istanbul"]
[Date "2000.11.02"]
[Round "6.22.2"]
[White "Rogozenko, Dorian"]
[Black "Giaccio, Alfredo"]
[WhiteElo "2531"]
[BlackElo "2505"]
[WhiteCountry "ROM"]
[BlackCountry "ARG"]
[Result "1-0"]

1. d4 Nf6 2. Nf3 g6 3. c4 Bg7 4. Nc3 O-O 5. e4 d6 6. h3 Na6 7. Bd3 e5 8. d5 Nc5 
9. Bc2 a5 10. Bg5 h6 11. Be3 Nh5 12. Qd2 Nf4 13. Rh2 c6 14. dxc6 bxc6 
15. O-O-O Nb7 16. g3 Ne6 17. Bxh6 Qf6 18. Bxg7 Kxg7 19. Qe3 Nec5 20. Na4 Rb8 
21. Ng5 Nxa4 22. Bxa4 Bd7 23. h4 Nc5 24. Bc2 Rh8 25. f3 Qe7 26. Rhd2 Nb7 
27. f4 f6 28. Nf3 Be6 29. c5 Nxc5 30. Rxd6 Qa7 31. Qc3 exf4 32. Ng5 Rhe8 
33. gxf4 Rb4 34. f5 
1-0

[Event "34th Chess Olympiad (men)"]
[Site "Istanbul"]
[Date "2000.11.02"]
[Round "6.22.3"]
[White "Hoffman, Alejandro"]
[Black "Grigore, George"]
[WhiteElo "2491"]
[BlackElo "2508"]
[WhiteCountry "ARG"]
[BlackCountry "ROM"]
[Result "1/2-1/2"]

1. g3 e5 2. Bg2 d5 3. c4 d4 4. d3 Bb4+ 5. Bd2 Bxd2+ 6. Nxd2 Nf6 7. Ngf3 Qe7 
8. O-O O-O 9. Re1 Nc6 10. a3 a5 11. Qc2 Bf5 12. Nh4 Bd7 13. e3 dxe3 
14. fxe3 Rad8 15. Qc3 a4 16. Ne4 Nxe4 17. Bxe4 f5 18. Bd5+ Kh8 19. Rad1 Qf6 
20. Rf1 Rde8 21. Rf2 Qh6 22. Ng2 Nd8 23. Rdf1 Rf6 24. c5 Qg5 25. Qb4 b6 
26. cxb6 Rxb6 27. Qc3 Rd6 28. e4 c6 29. Bc4 Rf6 30. exf5 Rxf5 31. Rxf5 Bxf5 
32. Qb4 Ne6 33. Bxe6 Bxe6 34. Qxa4 Bd5 35. Qd1 h6 36. Qc1 Qd8 37. Rf2 Bxg2 
38. Kxg2 Qd5+ 39. Kg1 Qxd3 40. Qxc6 Rd8 41. Qc3 Qb5 42. b4 e4 43. Rf7 Qg5 
44. Qc5 Rd5 45. Qc8+ Kh7 46. Qc2 
1/2-1/2

[Event "34th Chess Olympiad (men)"]
[Site "Istanbul"]
[Date "2000.11.02"]
[Round "6.22.4"]
[White "Ionescu, Constantin"]
[Black "Soppe, Guillermo"]
[WhiteElo "2492"]
[BlackElo "2471"]
[WhiteCountry "ROM"]
[BlackCountry "ARG"]
[Result "1-0"]

1. Nf3 d5 2. c4 e6 3. g3 c6 4. b3 Nf6 5. Bg2 a5 6. O-O a4 7. Ba3 Bxa3 
8. Nxa3 Qe7 9. Qc1 O-O 10. d4 Nbd7 11. Qb2 Re8 12. e3 b6 13. Rfc1 Bb7 
14. b4 Rab8 15. cxd5 exd5 16. Nb1 b5 17. Nc3 Nb6 18. Nd2 Rbd8 19. e4 dxe4 
20. Ncxe4 Nxe4 21. Nxe4 Nc4 22. Qc3 h6 23. Nc5 a3 24. Re1 Qc7 25. Rxe8+ Rxe8 
26. Re1 Rd8 27. Qf3 Rc8 28. h4 Rd8 29. h5 Bc8 30. Qxc6 Qxc6 31. Bxc6 Bf5 
32. d5 Nd6 33. f3 g5 34. hxg6ep Bxg6 35. Kf2 Nf5 36. Re4 Nd6 37. Re3 Nc4 
38. Rc3 Nb6 39. Nb7 Ra8 40. Na5 Rd8 41. Rxa3 
1-0

[Event "34th Chess Olympiad (men)"]
[Site "Istanbul"]
[Date "2000.11.02"]
[Round "6.23.3"]
[White "Barus, Cerdas"]
[Black "Kallio, Heikki"]
[WhiteElo "2435"]
[BlackElo "2451"]
[WhiteCountry "INA"]
[BlackCountry "FIN"]
[Result "1/2-1/2"]

1. d4 Nf6 2. c4 e6 3. Nf3 c5 4. d5 b5 5. dxe6 fxe6 6. cxb5 d5 7. a4 a6 
8. bxa6 Bxa6 9. g3 Bd6 10. Bh3 Qe7 11. O-O Nc6 12. Re1 O-O 13. Ng5 Bc8 
14. e4 Nxe4 15. Nxe4 dxe4 16. Nd2 Ne5 17. Bg2 Nd3 18. Rf1 Ba6 19. Nxe4 Be5 
20. Nc3 Ra7 21. Qg4 Bxc3 22. bxc3 Ne5 23. Qe4 Bxf1 24. Kxf1 Qd6 25. Bf4 Qa6+ 
26. Kg1 Nd3 27. Be3 Raf7 28. f4 g5 29. fxg5 Nf2 30. Qc2 Ng4 31. g6 Rf5 
32. gxh7+ Kh8 33. Qe4 Nxe3 34. Qxe3 Qd6 35. Re1 e5 36. a5 c4 37. h4 e4 
38. Ra1 Rf3 39. Qxe4 Qxg3 40. Qd4+ Kxh7 41. Rb1 R8f6 42. Rb7+ Kh6 43. Qd2+ R3f4 
44. Rb6 Qxh4 45. Rxf6+ Qxf6 46. a6 Kg5 47. Kh2 Qxa6 48. Kg3 Qf6 49. Bh3 Qe5 
50. Bg4 Qb8 51. Bh3 Qc7 52. Be6 Kf6 53. Qxf4+ Qxf4+ 54. Kxf4 Kxe6 55. Ke4 Kd6 
56. Kd4 Kd7 57. Kd5 Kc7 58. Kc5 Kd7 59. Kxc4 Kc6 60. Kb4 Kb6 61. c4 Kc6 
62. c5 Kc7 
1/2-1/2

[Event "34th Chess Olympiad (men)"]
[Site "Istanbul"]
[Date "2000.11.02"]
[Round "6.23.4"]
[White "Nouro, Mikael"]
[Black "Hamdani, Rudin"]
[WhiteElo "2397"]
[BlackElo "2385"]
[WhiteCountry "FIN"]
[BlackCountry "INA"]
[Result "1/2-1/2"]

1. e4 c5 2. Nf3 e6 3. d4 cxd4 4. Nxd4 a6 5. Bd3 Qc7 6. O-O Nf6 7. Qe2 d6 
8. c4 Nbd7 9. b3 b6 10. Bb2 Bb7 11. Nc3 Be7 12. Kh1 g5 13. Rac1 Ne5 14. Bb1 h5 
15. Nf3 Nfd7 16. Nxe5 dxe5 17. Rcd1 f6 18. Rd2 O-O-O 19. Rfd1 g4 20. a3 Nb8 
21. Na4 Bc6 22. Nc3 Bb7 23. Na4 Bc6 24. Nc3 Bb7 
1/2-1/2

[Event "34th Chess Olympiad (men)"]
[Site "Istanbul"]
[Date "2000.11.02"]
[Round "6.24.1"]
[White "Magai, Vladimir"]
[Black "Efimov, Igor"]
[WhiteElo "2546"]
[BlackElo "2520"]
[WhiteCountry "KGZ"]
[BlackCountry "ITA"]
[Result "1-0"]

1. d4 d6 2. e4 Nf6 3. Bd3 e5 4. c3 Be7 5. Nf3 Nbd7 6. O-O O-O 7. Re1 Re8 
8. Nbd2 Bf8 9. a4 h6 10. a5 Rb8 11. b4 b5 12. axb6ep axb6 13. Bb5 exd4 
14. Nxd4 Bb7 15. Nc6 Bxc6 16. Bxc6 Re7 17. Nf3 Ne5 18. Nd4 d5 19. f4 Ng6 
20. e5 Ne4 21. Qd3 Re6 22. Bxd5 Qxd5 23. Qxe4 Qxe4 24. Rxe4 Ree8 25. Nc6 Ra8 
26. Rxa8 Rxa8 27. Bd2 b5 28. f5 Ne7 29. Nd4 Rd8 30. Be1 Rd5 31. Kf1 c5 
32. bxc5 Rxc5 33. Ke2 g6 34. g4 Nd5 35. Kd3 Nb6 36. e6 gxf5 37. Nxf5 fxe6 
38. Rxe6 Nd7 39. Nxh6+ Kh7 40. Bd2 Rd5+ 41. Kc2 Ne5 42. h3 Rxd2+ 43. Kxd2 Bxh6+ 
44. Kc2 Bg7 45. Kb3 Nd3 46. Re3 Nf4 47. Rf3 Nd5 48. h4 Nf6 49. Rf4 Nd5 
50. Rf7 Ne3 51. Rb7 Nxg4 52. Rxb5 Ne5 53. Rd5 Bf6 54. c4 Kg6 55. c5 Nc6 
56. h5+ Kf7 57. Kc4 Ne7 58. Rd2 Kg7 59. Rd7 Kf7 60. c6 Ke6 61. Kc5 Bg5 
62. Rd3 Bf4 63. h6 Ng6 64. h7 Ke7 65. Rd7+ Ke6 66. Rg7 
1-0

[Event "34th Chess Olympiad (men)"]
[Site "Istanbul"]
[Date "2000.11.02"]
[Round "6.24.3"]
[White "Inarkiev, Ernesto"]
[Black "Arlandi, Ennio"]
[WhiteElo "2432"]
[BlackElo "2437"]
[WhiteCountry "KGZ"]
[BlackCountry "ITA"]
[Result "1-0"]

1. d4 Nf6 2. c4 e6 3. Nc3 Bb4 4. Qc2 O-O 5. a3 Bxc3+ 6. Qxc3 b6 7. Bg5 d6 
8. f3 Nbd7 9. e3 c5 10. Nh3 h6 11. Bh4 Ba6 12. b4 Rc8 13. dxc5 bxc5 14. b5 Bb7 
15. Be2 d5 16. O-O e5 17. Nf2 d4 18. Qc2 Qb6 19. a4 e4 20. fxe4 dxe3 
21. Nd1 Bxe4 22. Qc3 Rfe8 23. Nxe3 Qe6 24. Rae1 Qe5 25. Qxe5 Rxe5 26. Ng4 Re6 
27. Bxf6 Nxf6 28. Nxf6+ gxf6 29. Bg4 f5 30. Rxe4 Rxe4 31. Bxf5 Rce8 
32. Bxe4 Rxe4 33. Rf6 Rxc4 34. Ra6 Rb4 35. Rxa7 c4 36. Kf2 c3 37. Ke2 Rd4 
38. a5 Rd5 39. b6 c2 40. Rc7 Rxa5 41. b7 Rb5 42. Kd2 Kg7 43. Kxc2 Kg6 
44. Kc3 Rb1 45. Kd4 
1-0

[Event "34th Chess Olympiad (men)"]
[Site "Istanbul"]
[Date "2000.11.02"]
[Round "6.24.4"]
[White "Belotti, Bruno"]
[Black "Sidorenko, Alexei"]
[WhiteElo "2417"]
[BlackElo "2286"]
[WhiteCountry "ITA"]
[BlackCountry "KGZ"]
[Result "1/2-1/2"]

1. e4 e5 2. Nf3 Nc6 3. Bc4 Nf6 4. d3 Be7 5. O-O O-O 6. c3 d6 7. Bb3 d5 
8. Nbd2 dxe4 9. dxe4 Bc5 10. Qe2 Qe7 11. Nc4 Be6 12. Bg5 h6 13. Bh4 a6 
14. Ne3 Bxe3 15. Qxe3 Bxb3 16. axb3 Rad8 
1/2-1/2

[Event "34th Chess Olympiad (men)"]
[Site "Istanbul"]
[Date "2000.11.02"]
[Round "6.26.1"]
[White "Labib, Ibrahim Hasan"]
[Black "Egger, Jorge"]
[WhiteElo "2426"]
[BlackElo "2433"]
[WhiteCountry "EGY"]
[BlackCountry "CHI"]
[Result "0-1"]

1. e4 e6 2. d4 d5 3. Nc3 Bb4 4. e5 c5 5. a3 Bxc3+ 6. bxc3 Ne7 7. Nf3 Qa5 
8. Bd2 Nbc6 9. Be2 Bd7 10. O-O f6 11. exf6 gxf6 12. c4 Qc7 13. cxd5 Nxd5 
14. c4 Nde7 15. d5 exd5 16. cxd5 Nxd5 17. Bc4 Nde7 18. Ng5 fxg5 19. Qh5+ Kd8 
20. Bxg5 Kc8 21. Rad1 Nf5 22. Qf7 Ncd4 23. Rfe1 Qd6 24. Rd3 Qg6 25. Qd5 Bc6 
26. Qxc5 Qxg5 27. Bd5 Rd8 28. Bxc6 Nxc6 29. Rxd8+ Kxd8 30. h4 Qf6 31. g4 Nxh4 
32. Qe3 Nf3+ 
0-1

[Event "34th Chess Olympiad (men)"]
[Site "Istanbul"]
[Date "2000.11.02"]
[Round "6.26.2"]
[White "Valenzuela, Luis"]
[Black "Hassan, Sayed Barakat"]
[WhiteElo "2426"]
[BlackElo "2365"]
[WhiteCountry "CHI"]
[BlackCountry "EGY"]
[Result "1-0"]

1. d4 Nf6 2. c4 g6 3. Nc3 Bg7 4. g3 O-O 5. Bg2 d6 6. Nf3 Nc6 7. O-O Bg4 
8. Be3 Nd7 9. Qd2 e5 10. dxe5 Bxf3 11. exf3 Ndxe5 12. Qe2 Na5 13. c5 dxc5 
14. Bxc5 Re8 15. Rad1 Qc8 16. f4 Nd7 17. Be3 Nb6 18. Qc2 Nac4 19. Bd4 Bxd4 
20. Rxd4 Nd6 21. Rfd1 Rb8 22. b3 Re7 23. a4 a5 24. Qb2 Qf8 25. Bf3 Rbe8 
26. Kg2 Qg7 27. Qa3 Nf5 28. R4d3 h5 29. Qc5 h4 30. Rd8 Rxd8 31. Rxd8+ Kh7 
32. Ne4 Qb2 33. g4 h3+ 34. Kxh3 Qxb3 35. Ng5+ Kg7 36. gxf5 Qb4 37. Ne6+ fxe6 
38. Qe5+ Kf7 39. fxg6+ Kxg6 40. Bh5+ 
1-0

[Event "34th Chess Olympiad (men)"]
[Site "Istanbul"]
[Date "2000.11.02"]
[Round "6.26.3"]
[White "El Arousy Abdul, Hameed"]
[Black "Michel, Yunis Christian D"]
[WhiteElo "2363"]
[BlackElo "2380"]
[WhiteCountry "EGY"]
[BlackCountry "CHI"]
[Result "1/2-1/2"]

1. e4 d5 2. exd5 Qxd5 3. Nc3 Qa5 4. d4 c6 5. Nf3 Nf6 6. Bc4 Bf5 7. Bd2 Qd8 
8. Bg5 e6 9. a3 h6 10. Bh4 Nbd7 11. Bd3 Bxd3 12. Qxd3 Be7 13. O-O O-O 14. Ne4 
1/2-1/2

[Event "34th Chess Olympiad (men)"]
[Site "Istanbul"]
[Date "2000.11.02"]
[Round "6.26.4"]
[White "Salas, Cristian"]
[Black "Abou, El Zein Eid Mahmoud"]
[WhiteElo "2300"]
[BlackElo "2352"]
[WhiteCountry "CHI"]
[BlackCountry "EGY"]
[Result "1-0"]

1. e4 c5 2. Nf3 Nc6 3. d4 cxd4 4. Nxd4 Nf6 5. Nc3 e5 6. Ndb5 d6 7. Bg5 a6 
8. Na3 b5 9. Nd5 Be7 10. Bxf6 Bxf6 11. c3 O-O 12. Nc2 Rb8 13. Bd3 Bg5 
14. O-O g6 15. Nce3 Kh8 16. Kh1 Bh6 17. a3 Bg7 18. Bc2 Be6 19. Qe2 Ne7 
20. Rad1 Nxd5 21. Nxd5 Qd7 22. Rfe1 Qb7 23. Ne3 Rbd8 24. Rd2 Rd7 25. Red1 Qc6 
26. Nd5 Qb7 27. Ne3 Qb6 28. Nd5 Qb8 29. Qe3 f5 30. exf5 gxf5 31. Qh3 Qd8 
32. Qh5 h6 33. Qg6 Bxd5 34. Rxd5 Rf6 35. Qh5 Qf8 36. Rxe5 dxe5 37. Rxd7 e4 
38. Qd1 Qc5 39. Qd4 Qxd4 40. Rxd4 Kh7 41. g4 fxg4 42. Rxe4 Kh8 43. Kg2 Bf8 
44. Rxg4 Bc5 45. f3 Rd6 46. Kf1 Rd2 47. Rg2 Rxg2 48. Kxg2 Be3 49. a4 Bc1 
50. b3 Bd2 51. c4 bxc4 52. bxc4 Kg7 53. Kg3 Kf6 54. c5 Bb4 55. c6 Bd6+ 
56. f4 Bc7 57. Bd3 a5 58. Kf3 Bb8 59. h3 Bc7 60. Be4 Ke6 61. Ke3 Ke7 62. f5 Be5 
63. Kd3 Kd6 64. Kc4 Bf6 65. Kb5 Bd8 66. Ka6 Kc7 67. Kxa5 Bf6 68. Kb5 
1-0

[Event "34th Chess Olympiad (men)"]
[Site "Istanbul"]
[Date "2000.11.02"]
[Round "6.27.2"]
[White "Bagheri, Amir"]
[Black "Johansen, Darryl K"]
[WhiteElo "2409"]
[BlackElo "2505"]
[WhiteCountry "IRI"]
[BlackCountry "AUS"]
[Result "1/2-1/2"]

1. d4 e6 2. Nf3 c5 3. c3 d5 4. Bf4 Bd6 5. e3 Nc6 6. dxc5 Bxc5 7. Nbd2 Nf6 
8. Bd3 Bd6 9. Bxd6 Qxd6 10. O-O O-O 11. e4 Rd8 12. Re1 dxe4 13. Bxe4 Qc7 
14. Qa4 Bd7 15. Qa3 Be8 16. Bc2 b6 17. Rad1 Rac8 
1/2-1/2

[Event "34th Chess Olympiad (men)"]
[Site "Istanbul"]
[Date "2000.11.02"]
[Round "6.27.4"]
[White "Mallahi, Amir"]
[Black "Zhao, Zong"]
[WhiteElo "2389"]
[BlackElo "2341"]
[WhiteCountry "IRI"]
[BlackCountry "AUS"]
[Result "1/2-1/2"]

1. e4 e5 2. Nc3 Nf6 3. f4 d5 4. fxe5 Nxe4 5. Nf3 Be7 6. Qe2 Nxc3 7. dxc3 c5 
8. Bf4 Nc6 9. O-O-O Be6 10. Kb1 g5 11. Bg3 g4 12. Nd2 Qc7 13. c4 O-O-O 
14. cxd5 Rxd5 15. Nc4 Rxd1+ 16. Qxd1 Rd8 17. Qe1 Kb8 18. a3 Ka8 19. Bd3 h5 
20. Rf1 Qd7 21. Qe4 h4 22. Bf4 Bd5 23. Qe2 Nd4 24. Qf2 Be6 25. Ne3 Qc6 
26. Bc4 Bxc4 27. Nxc4 Qe6 28. Ne3 Nc6 29. Re1 Rd4 30. g3 Re4 31. Rd1 Nxe5 
32. Nd5 Bd6 33. Nc3 Rd4 34. Rxd4 cxd4 35. Qxd4 Bb8 36. gxh4 Nc6 37. Qd2 Bxf4 
38. Qxf4 Qe1+ 39. Ka2 Qxh4 40. Nd5 a6 41. c4 Qh8 42. Qxg4 Qxh2 43. Qg8+ Ka7 
44. Qxf7 Qh4 45. Ne3 Qe4 46. Qf2 Qd4 47. Nd1 Kb6 48. Qxd4+ Nxd4 49. b4 a5 
50. Kb2 axb4 51. axb4 Kc6 52. Kc3 Ne6 53. Ne3 b5 
1/2-1/2

[Event "34th Chess Olympiad (men)"]
[Site "Istanbul"]
[Date "2000.11.02"]
[Round "6.28.1"]
[White "Aung, Aung"]
[Black "Weiss, Christian"]
[WhiteElo "2520"]
[BlackElo "2386"]
[WhiteCountry "MYA"]
[BlackCountry "AUT"]
[Result "1-0"]

1. e4 c6 2. Nc3 d5 3. Nf3 Bg4 4. h3 Bxf3 5. Qxf3 e6 6. d3 Nf6 7. Be2 Be7 8. O-O
O-O 9. Qg3 b5 10. e5 Ne8 11. d4 Nd7 12. Bd3 b4 13. Ne2 c5 14. c3 bxc3 15. bxc3
g6 16. f4 f5 17. exf6 Bxf6 18. f5 exf5 19. Rxf5 cxd4 20. cxd4 Qa5 21. Bh6 Ng7
22. Rff1 Rae8 23. Kh1 Qa3 24. Bc4 Qa5 25. Qc3 Qxc3 26. Bxd5+ Kh8 27. Nxc3 Bxd4
28. Rxf8+ Nxf8 29. Rc1 Nf5 30. Bf4 Ne6 31. Re1 Nxf4 32. Rxe8+ Kg7 33. Nb5 Ng3+
34. Kh2 Nf1+ 35. Kh1 Bf2 36. Rg8+ Kf6 37. Bc4 Ne3 38. Rf8+ Ke5 39. Re8+ Kf6 40.
Rf8+ Ke5 41. Re8+ Kf6 42. Nd6 Nxc4 43. Nxc4 g5 44. Ne3 Kf7 45. Re5 Kg6 46. Nd5
Nd3 47. Re2 Bc5 48. g4 h5 49. Re6+ 1-0

[Event "34th Chess Olympiad (men)"]
[Site "Istanbul"]
[Date "2000.11.02"]
[Round "6.28.3"]
[White "Htun, Lynn Kyaw"]
[Black "Miniboeck, Guenter"]
[WhiteElo "2475"]
[BlackElo "2413"]
[WhiteCountry "MYA"]
[BlackCountry "AUT"]
[Result "1/2-1/2"]

1. e4 c5 2. Nf3 d6 3. d4 cxd4 4. Nxd4 Nf6 5. Nc3 a6 6. Bg5 e6 7. f4 Nbd7 8. Qf3
Qc7 9. O-O-O b5 10. Bd3 Bb7 11. Rhe1 Be7 12. Qh3 O-O-O 13. Kb1 Kb8 14. e5 b4
15. exf6 gxf6 16. Ncb5 axb5 17. Bh4 Nc5 18. Bxb5 Rc8 19. Bd3 Bd5 20. Nb3 Nxb3
21. axb3 Qa5 22. Qe3 Kb7 23. Bf2 Rc6 24. Kc1 Bxb3 25. Be4 d5 26. Qxb3 dxe4 27.
Rd7+ Rc7 28. Rxc7+ Kxc7 29. Rxe4 Rd8 30. Rd4 Rxd4 31. Bxd4 Qa1+ 32. Kd2 Qf1 33.
Qg3 Bd6 34. Be3 Kd7 35. Qg4 Qc4 36. Qh5 Ke7 37. Qxh7 Qd5+ 38. Qd3 Qxg2+ 39. Qe2
Qd5+ 40. Qd3 Qg2+ 1/2-1/2

[Event "34th Chess Olympiad (men)"]
[Site "Istanbul"]
[Date "2000.11.02"]
[Round "6.29.2"]
[White "Echavarria, Johann"]
[Black "Rocha, Sergio"]
[WhiteElo "2328"]
[BlackElo "2374"]
[WhiteCountry "COL"]
[BlackCountry "POR"]
[Result "1-0"]

1. e4 e5 2. Nf3 d6 3. d4 Nd7 4. Bc4 c6 5. O-O Be7 6. dxe5 Nxe5 7. Nxe5 dxe5 
8. Qh5 g6 9. Qxe5 f6 10. Qc3 Kf8 11. Be3 Kg7 12. Nd2 h5 13. f4 Nh6 14. h3 Qc7 
15. Kh1 Bd7 16. Rae1 Rae8 17. f5 gxf5 18. Bf4 Qb6 19. Qg3+ Ng4 20. exf5 Bxf5 
21. Bc7 Qc5 22. Rxe7+ Rxe7 23. Bd6 Qe3 24. Rxf5 Rd7 25. Nf3 Qe4 26. Rf4 Qg6 
27. Bd3 f5 28. Bb4 Rh6 29. Rxf5 Nf2+ 30. Qxf2 Rxd3 31. Ne5 Rd1+ 32. Kh2 Qe6 
33. Bf8+ 
1-0

[Event "34th Chess Olympiad (men)"]
[Site "Istanbul"]
[Date "2000.11.02"]
[Round "6.29.3"]
[White "Frois, Antonio"]
[Black "Uribe, Mauricio"]
[WhiteElo "2346"]
[BlackElo "2293"]
[WhiteCountry "POR"]
[BlackCountry "COL"]
[Result "1/2-1/2"]

1. Nf3 Nf6 2. c4 e6 3. g3 d5 4. d4 dxc4 5. Qa4+ Bd7 6. Qxc4 Bc6 7. Bg2 Bd5 
8. Qd3 Be4 9. Qd1 c5 10. Nc3 Bc6 11. O-O Nbd7 12. Be3 Be7 13. Rc1 O-O 
14. dxc5 Nxc5 15. Qxd8 Rfxd8 16. Ne5 Bd5 17. Be4 Bxe4 18. Nd5 Bg2 19. Kxg2 Rxd5 
20. Nf3 Rad8 21. Rc4 b6 22. Rfc1 e5 23. Bxc5 Rxc5 24. Rxc5 Bxc5 25. Nxe5 Rd2 
26. Nd3 Rxe2 27. Nxc5 bxc5 28. b4 Kf8 29. bxc5 Re7 30. Kf3 Ke8 31. Rc4 Kd8 
32. Re4 Rd7 33. Ke3 Kc7 34. Rd4 Re7+ 35. Re4 Rd7 36. Rd4 Re7+ 37. Re4 Rd7 
38. Rh4 Ng4+ 39. Rxg4 g6 40. Rd4 Re7+ 41. Re4 Rd7 42. Rd4 Re7+ 43. Kd3 Kc6 
44. Kc4 Re2 45. Rd6+ Kc7 46. Rf6 Rxa2 47. Rxf7+ Kc6 48. Rf6+ Kc7 49. h4 Rc2+ 
50. Kb4 Rb2+ 51. Kc3 Ra2 52. g4 Ra3+ 53. Kb4 Rh3 54. Rf7+ Kc6 55. Rxh7 Rf3 
56. g5 Rxf2 57. Rh6 Rf4+ 
1/2-1/2